Most used abbreviations on FACEBOOK 2010 Quiz Stats

 Plays Quiz not verified by Sporcle

Challenge
Share
Tweet
Embed
Score 0/35 Timer 10:00
0 Plays Today
Alphabetical order % Correct
18lol
94.6%
19lmao
57.5%
5brb
52.1%
20lmfao
38.9%
34wtf
37.1%
32ttyl
32.9%
14im
13.8%
9fb
13.2%
6btw
12.6%
13idk
12.6%
17l8
11.4%
1asap
10.8%
35wth
10.8%
15jk
10.2%
33ur
9.6%
22l8r
9%
8fyi
7.2%
31ty
7.2%
Alphabetical order % Correct
2asl
6.6%
3b4
6%
25plz
6%
29thx
6%
26pm
5.4%
11gn
4.8%
30txt
4.8%
7cuz
4.2%
24pls
4.2%
27ppl
4.2%
28sd
3.6%
10gm
3%
12gnasd
3%
23msg
3%
4b4u
2.4%
21lmk
2.4%
16k
1.2%

You're not logged in!

Compare scores with friends on all Sporcle quizzes.
Join for Free
OR
Log In

You Might Also Like...

Show Comments

Extras

Top Quizzes Today


Score Distribution

Your Account Isn't Verified!

In order to create a playlist on Sporcle, you need to verify the email address you used during registration. Go to your Sporcle Settings to finish the process.

Report this User

Report this user for behavior that violates our Community Guidelines.

Details: